000 00936cam a2200277 a 4500
001 430519
003 ARRUPE
005 20131023134605.0
008 820422s1980 enk b 000 0 eng
010 _a 81126488
015 _aGB***
020 _a0717110826 (pbk.) :
_c£5.95
040 _aDLC
_cDLC
_dDLC
043 _ae-uk---
_ae-ie---
050 0 0 _aBX1493.2
_b.C58
082 0 0 _a282/.41
_219
245 0 4 _aThe Church now :
_ban inquiry into the present state of the Catholic Church in Britain & Ireland /
_cedited, with an introduction, by John Cumming & Paul Burns.
260 _aLondon ;
_aNew York :
_bGill and Macmillan,
_c1980.
300 _a235 p. ;
_c22 cm.
504 _aIncludes bibliographies.
610 2 0 _aCatholic Church
_zBritish Isles.
_92798
700 1 _aCumming, John,
_d1937-
_92799
700 1 _aBurns, Paul,
_d1934-
_92800
906 _a7
_bcbc
_corignew
_d4
_encip
_f19
_gy-gencatlg
942 _2lcc
_cMONOGRAPH
999 _c118413
_d118413